| 000 | 00624nam a2200229Ia 4500 | ||
|---|---|---|---|
| 003 | OSt | ||
| 005 | 20250602100712.0 | ||
| 008 | 210719s2004 xx 000 0 und d | ||
| 040 |
_aAL _c |
||
| 041 | _aeng | ||
| 082 | _a657.046 RAMA | ||
| 100 |
_aRAMAN (B S) _916610 |
||
| 245 | _aAccounting I For first semester of BBM of Mangalore university | ||
| 250 | _a2 | ||
| 260 |
_aMangalore _bUnited Publishers _c2004 |
||
| 300 |
_a756 _bPB |
||
| 365 |
_b150 _cRs |
||
| 650 |
_aAccountancy _916611 |
||
| 650 |
_aAccountancy _916611 |
||
| 906 | _a2 ; Accounting ; BBM ; Ed ; first ; for ; I: ; semester | ||
| 942 |
_2ddc _cBK |
||
| 999 |
_c214524 _d214524 |
||